Essays In Honor Of M. Hashem Pesaran: Panel Modeling, Micro Applications, And Ey Panel Modeling, Micro Applications, And Ey (Record no. 41612)

MARC details
000 -LEADER
fixed length control field 00417nam a2200121Ia 4500
008 - FIXED-LENGTH DATA ELEMENTS--GENERAL INFORMATION
fixed length control field 241015s9999 xx 000 0 und d
041 ## - LANGUAGE CODE
Language code of text/sound track or separate title eng
082 ## - DEWEY DECIMAL CLASSIFICATION NUMBER
Classification number 330.0151 CHU
100 ## - MAIN ENTRY--PERSONAL NAME
Personal name Chudik Alexander
245 ## - TITLE STATEMENT
Title Essays In Honor Of M. Hashem Pesaran: Panel Modeling, Micro Applications, And Ey Panel Modeling, Micro Applications, And Ey
260 ## - PUBLICATION, DISTRIBUTION, ETC.
Name of publisher, distributor, etc. Emerald Publishing
Place of publication, distribution, etc. United Kingdom
Date of publication, distribution, etc. 2021
300 ## - PHYSICAL DESCRIPTION
Extent 365;. P 24 cm

No items available.

Designed & Maintained by: LRC IMT Nagpur Contact: lrc@imtnag.ac.in© 2024. All Rights Reserved.